Normal view
MARC view
- الشهداء - البلاد العربية- تراجم
Entry Topical Term
001 - CONTROL NUMBER
- control field: 57038
003 - CONTROL NUMBER IDENTIFIER
- control field: JO-AjAnu
005 - DATE AND TIME OF LATEST TRANSACTION
- control field: 20230606083337.0
008 - FIXED-LENGTH DATA ELEMENTS
- fixed length control field: 230606|| aca||aabn | a|a d
040 ## - CATALOGING SOURCE
- Original cataloging agency: JO-AjAnu
- Transcribing agency: JO-AjAnu
150 ## - HEADING--TOPICAL TERM
- Topical term or geographic name entry element: الشهداء - البلاد العربية- تراجم
670 ## - SOURCE DATA FOUND
- Source citation: Work cat.: (JO-AjAnu)29104: الخطبا ، فوزي , author 57037, شهداء النهضة العربية : دراسات وثائقية